LEADER 01180nam--2200373---450- 001 990006098460203316 005 20160201121437.0 035 $a000609846 035 $aUSA01000609846 035 $a(ALEPH)000609846USA01 035 $a000609846 100 $a20071108d1946----km-y0itay50------ba 101 $aita 102 $aIT 105 $a||||||||001yy 200 1 $aAntologia delle letterature straniere$fMario Praz, Ettore Lo Gatto 210 $aFirenze$cSansoni$dstampa 1946- 215 $avolumi$d21 cm 327 1 $aVolume 1. - stampa 1948. - VIII, 454 p.$aVolume 2. - 1953. - 448-1126 p. 606 0 $aLetteratura$xAntologie 676 $a808.8 700 1$aPRAZ,$bMario$011364 701 1$aLO GATTO,$bEttore$05182 801 0$aIT$bsalbc$gISBD 912 $a990006098460203316 951 $aXV.9.M. 1845 1$b3751 MAR$cXV.9.M.$d386943 951 $aXV.9.M. 1845 2$b3754 MAR$cXV.9.M.$d379595 959 $aBK 969 $aMAR 979 $aALESSANDRA$b90$c20151112$lUSA01$h1139 979 $aALESSANDRA$b90$c20151112$lUSA01$h1141 979 $aIANNONE$b90$c20160201$lUSA01$h1214 996 $aAntologia delle letterature straniere$9105403 997 $aUNISA LEADER 00756nus0 2200193 i 450 001 CFI0135300 005 20251003044124.0 100 $a19960731a19889999||||0itac50 ba 102 $ait 110 $abzu|||||||| 200 1 $aFragmenta 210 $aNapoli$cProcaccini$d\1988!-. 801 3$aIT$bIT-000000$c19960731 901 $bNAP CE$cCOLL. $n$ 901 $bNAP AG$cSALA 2 $n$ 912 $aCFI0135300 977 $a 01$a 07$a 27$a 46$a 49$a 56$a 59$a 63$a 67$a 68$a 75$a 84$a AG$a AN$a AO$a AP$a AR$a AS$a AV$a BC$a BF$a BM$a BN$a BP$a BU$a CE$a CF$a CI$a CO$a CR$a CU$a CV$a DA$a DO$a DP$a DU$a FC$a FT$a GC$a GV$a ID$a LS$a ME$a MO$a MV$a OS$a PB$a PG$a PM$a PS$a SB$a SC$a SH$a SP$a SV$a TL$a VC$a VE 996 $aFragmenta$959627 997 $aUNISANNIO